000 00392nam a2200157Ia 4500
008 100122s9999 xx 000 0 und d
082 _b37564
_a823
100 _aSCOTT P
245 _aTHE RAJ QUARTER ( 7/4 )
250 _a0
260 _bHEINEMANN EDUCATION BOOKS LTD
_c1984
300 _a597
630 _aTHE RAJ QUARTER ( 7/4 )
730 _aTHE RAJ QUARTER ( 7/4 )
942 _cBOOK
999 _c371716
_d371713